LEADER 01002nam a2200217 4500 001 000000367073 003 CaOOAMICUS 005 20260330165728.0 008 260330s1908 it 000 u ita r 040 $aSeMil$bita 100 1 $aRinaldi Ghisilieri, Luigi.$0(OLS)http://semarc/name/124045 245 10$aCenni sull'origine bolognese di Giovanna d'Arco /$ccompilati dal conte Luigi Rinaldi Ghisilieri. 264 1$aLodi :$bOfficina Tipografica Luigi Marinoni,$c1908. 300 $a14 p. ;$c24 cm 500 $aSul front.: A beneficio della Casa dei veterani Umberto 1. 600 04$aGiovanna : d'Arco .$0(OLS)http://semarc/subject/8718 850 $aSeMil 852 $aSeMil$W1$xVenegono$y1$m5C VIII 9/26$j269388$B257807$CSeMilBibl$Z2$F257807 $8M 996 $6245$aCenni sull'origine bolognese di Giovanna d'Arco$9(OLS)http://semarc/title/458916 996 $6264$aLodi :$bOfficina Tipografica Luigi Marinoni$9(OLS)http://semarc/publisher/60050